000 00480nam a2200169 i 4500
001 149642
003 ES-MaACL
005 20230906203205.0
007 t|
008 071023s1970 sp ||||1| und d
100 1 _aVasilj, Kvirin.
_9113274
245 1 0 _aOdnos naravnoga reda stvarnosti prema nadnaravnome /
_c[od] Kvirin Vasilj.
260 _aMadrid :
_b[Autor],
_c1970.
300 _a122 p. ;
_c20 cm.
650 1 4 _aTrinidad.
_917649
852 _aES-MaACL
_jC-54820
_bR.73564
999 _c149642
_d149642